Guess the singer - V - Statistics

General Stats
  • This quiz has been taken 38 times
  • The average score is 6 of 15
Answer Stats
Song Artist % Correct
Ice Ice Baby Vanilla Ice
89%
Y.M.C.A. Village People
89%
Jump Van Halen
74%
Bitter Sweet Symphony The Verve
69%
Brown Eyed Girl Van Morrison
66%
Riptide Vance Joy
40%
A Thousand Miles Vanessa Carlton
34%
Sweet Jane The Velvet Underground
23%
We Like To Party Vengaboys
20%
Gotta Go My Own Way Vanessa Hudgens
14%
Beggin' on Your Knees Victoria Justice
11%
Hawaii Five-O The Ventures
9%
Untouched The Veronicas
9%
Can We Dance The Vamps
6%
Christmas Time Is Here Vince Guaraldi
3%
No matching quizzes found
Score Distribution
Percent of People with Each Score
Percentile by Number Answered
Your Score History
You have not taken this quiz